000 00713cam a22002413a 4500
001 40
003 PGUSA
005 20140828082942.0
008 920901s1992||||xxu|||||s|||||000 | eng d
040 _aPGUSA
_beng
042 _adc
050 4 _aTK
100 1 _aKochmer, Jonathan
245 1 0 _aNorthWestNet User Services Internet Resource Guide (NUSIRG)
_h[electronic resource] /
_cJonathan Kochmer
260 _bProject Gutenberg,
_c1992
500 _aPostScript file
506 _aCopyrighted. Read the copyright notice inside this book for details.
516 _aElectronic text
653 _aInternet
830 0 _aProject Gutenberg
_v40
856 4 0 _uhttp://www.gutenberg.org/ebooks/40
942 _cEB
999 _c229411
_d229411